Państwa graniczące z Polską - Statystyki

Ogólne statystyki
  • Ten quiz został rozwiązany 26 razy
  • Średni wynik to 6 z 7
Statystyki odpowiedzi
Hint Odpowiedź % Poprawnych
Najbogatszy Niemcy
95%
Stolica to Wilno Litwa
90%
Największy Rosja
90%
Ma dostęp do morza czarnego Ukraina
81%
Ma posąg ziemniaka Białoruś
67%
Najbardziej górski Słowacja
67%
Ma taki język że jest R z kreską Czechy
62%
Nie znaleziono quizów pasujących do podanych kryteriów
Rozkład punktacji
Procent ludzi z każdym wynikiem
Percentyl według liczby udzielonych odpowiedzi
Twoja historia wyników
Nie rozwiązałeś tego quizu